Taylor Swift's albums by amount of songs with 1B+ streams - Statistics

General Stats
  • This quiz has been taken 13 times
  • The average score is 15 of 16
Answer Stats
1B+ songs Album % Correct
4 1989
100%
1 evermore
100%
1 Fearless
100%
3 folklore
100%
3 Lover
100%
2 Midnights
100%
1 Red
100%
4 reputation
100%
1 Speak Now
100%
1 The Life Of A Showgirl
100%
1 The Tortured Poets Department
100%
0 Taylor Swift
90%
1 1989 (Taylor's Version)
80%
2 Fearless (Taylor's Version)
80%
1 Red (Taylor's Version)
80%
0 Speak Now (Taylor's Version)
70%
No matching quizzes found
Score Distribution
Percent of People with Each Score
Percentile by Number Answered
Your Score History
You have not taken this quiz